000 00601nam a2200241Ia 4500
003 OSt
005 20221007105222.0
006 a|||||r|||| 00| 0
007 ta
008 221006b |||||||| |||| 00| 0 eng d
024 _a17,958
037 _cTextual
040 _aLCO
_cLCO
_beng
041 _2eng
_aeng
082 _aZ2,3, M1
100 _aBangia R.K
_9439545
245 0 _aIndian Contract Act
260 _aAllahabad
_bAllahabad Law Agency India
_c1981
300 _a488+x
650 _aCONTRACT
942 _hZ2,3, M1
_cTEXL
999 _c1187521
_d1187521